In defense of the free market lectures of renowned free market oriented thinkers

Na minha lista:
Detalhes bibliográficos
Outros Autores: Gonda, Peter, Chalupníček, Pavel
Formato: Livro
Idioma:inglês
eslovaco
tcheco
Publicado em: Bratislava Konzervatívny inštitút M. R. Štefánika 2007
Assuntos:
Tags: Adicionar Tag
Sem tags, seja o primeiro a adicionar uma tag!

MARC

LEADER 00000nam$a2200000$$$4500
001 0058564
005 20240104115914.6
020 |a 978-80-89121-11-3 
020 |a 978-80-863-8949-3 
041 0 |a eng 
041 0 |a slo 
041 0 |a cze 
044 |a SK 
245 1 0 |a In defense of the free market  |b lectures of renowned free market oriented thinkers  |c editori: Peter Gonda, Pavel Chalupníček 
264 1 |a Bratislava  |b Konzervatívny inštitút M. R. Štefánika  |c 2007 
300 |a 317 s. 
610 2 0 |a trh voľný 
610 2 0 |a spravodlivosť sociálna 
610 2 0 |a liberalizácia 
610 2 0 |a sloboda ekonomická 
610 2 0 |a dane 
610 2 0 |a harmonizácia 
610 2 0 |a Európska únia 
610 2 0 |a konkurencia trhová 
610 2 0 |a teórie ekonomické 
700 1 |a Gonda, Peter 
700 1 |a Chalupníček, Pavel